U.S. States with the Most Salamander Species - Statistics

General Stats
  • This quiz has been taken 43 times
  • The average score is 8 of 10
Answer Stats
# Species State % Correct
30 Florida
94%
43 Alabama
89%
54 Georgia
86%
73 North Carolina
86%
37 South Carolina
86%
52 Virginia
86%
49 California
83%
63 Tennessee
83%
34 Kentucky
78%
34 West Virginia
61%
No matching quizzes found
Score Distribution
Percent of People with Each Score
Percentile by Number Answered
Your Score History
You have not taken this quiz